| 000 | 00771nam a2200217 a 4500 | ||
|---|---|---|---|
| 999 |
_c1878 _d1878 |
||
| 003 | AR-BaISA | ||
| 005 | 20251111114833.0 | ||
| 007 | ta | ||
| 008 | 251111s1997 ag ||||f |||| 000 0 spa d | ||
| 020 | _a9509714860 | ||
| 040 |
_bspa _cAR-BaISA |
||
| 082 | 0 | 4 |
_222 _a614.1 Ac96 |
| 100 |
_93857 _aAchával, Alfredo _eaut. |
||
| 245 | 1 | 0 |
_aMedina legal invalidez y riesgos del trabajo / _cAlfredo Achával |
| 260 |
_aBuenos Aires: _bLa Rocca, _c1997 |
||
| 300 | _a1264 p. | ||
| 505 |
_tGENERALIDADES -- _tNORMAS ADMINISTRATIVAS -- _tNORMAS EN RELACIÓN CON EL SISTEMA INTEGRADO DE JUBILACIONES Y PENSIONES -- _tNORMAS EN RELACIÓN CON LOS RIESGOS DEL TRABAJO |
||
| 650 | 1 | 4 |
_9399 _aMedicina legal |
| 650 | 1 | 4 |
_92499 _aAccidentes de trabajo _vlegislación |
| 942 |
_2ddc _cLI _e22 |
||